LEADER 01615nam0 22003853i 450 001 VAN00303678 005 20260320121541.957 010 $a978-98-11-30853-6 017 70$2N$a9789811308543 100 $a20260320d2018 |0itac50 ba 101 $aeng 102 $aSG 105 $a|||| ||||| 181 $ai$b e 182 $ab 183 $acr 200 1 $aSynthetic Biology of Cyanobacteria$fWeiwen Zhang, Xinyu Song editors 210 $aSingapore$cSpringer$d2018 215 $aX, 355 p.$cill.$d24 cm 410 1$1001VAN00064096$12001 $aAdvances in Experimental Medicine and Biology$1210 $aNew York$cPlenum$d2003-$v1080 620 $aSG$dSingapore$3VANL000061 676 $a660$cIngegneria chimica e tecnologie connesse$v22 676 $a579$cMicrobiologia$v22 676 $a610.28$cIngegneria biomedica. Biomateriali$v22 702 1$aSong$bXinyu$3VANV259717 702 1$aZhang$bWeiwen$3VANV259716 712 $aSpringer $3VANV108073$4650 801 $aIT$bSOL$c20260327$gRICA 856 4 $uhttps://doi.org/10.1007/978-981-13-0854-3$zE-book - Accesso al full-text attraverso riconoscimento IP di Ateneo, proxy e/o Shibboleth 899 $aBIBLIOTECA DEL DIPARTIMENTO DI SCIENZE E TECNOLOGIE AMBIENTALI BIOLOGICHE E FARMACEUTICHE$1IT-CE0101$2VAN17 912 $fN 912 $aVAN00303678 950 $aBIBLIOTECA DEL DIPARTIMENTO DI SCIENZE E TECNOLOGIE AMBIENTALI BIOLOGICHE E FARMACEUTICHE$d17CONS e-book 2406 $e17BIB2406/276 276 20260320 996 $aSynthetic Biology of Cyanobacteria$92494391 997 $aUNICAMPANIA